Guardians of the Galaxy Cast - Sudden Death - Statistics

General Stats
  • This quiz has been taken 139 times
  • The average score is 10 of 18
Answers on the Grid
Answers color-coded by a green-red scale on the quiz's grid according to % correct below.
Kevin Bacon
Pom Klementieff
Zoe Saldana
Karen Gillan
Gaten Matarazzo
Chris Pratt
John Cena
Dave Bautista
Judy Greer
Michelle Yeoh
Josh Brolin
Seth Green
John C. Reilly
Mike Tyson
Vin Diesel
Philip Baker Hall
Dwayne Johnson
Sylvester Stallone
Glenn Close
The Undertaker
Rob Zombie
Kurt Russell
Andy Serkis
Randy Orton
Kate Beckinsale
Andre the Giant
Johnny Depp
Hulk Hogan
Bradley Cooper
Michael Rosenbaum
 
Answer Stats
Answer % Correct
Chris Pratt
98%
Dave Bautista
90%
Zoe Saldana
89%
Vin Diesel
85%
Karen Gillan
78%
Bradley Cooper
77%
Pom Klementieff
68%
Sylvester Stallone
66%
Kevin Bacon
62%
Kurt Russell
56%
John C. Reilly
49%
Josh Brolin
46%
Michelle Yeoh
33%
Glenn Close
32%
Seth Green
29%
Michael Rosenbaum
26%
Judy Greer
13%
Rob Zombie
5%
No matching quizzes found
Score Distribution
Percent of People with Each Score
Percentile by Number Answered
Your Score History
You have not taken this quiz